| 000 | 00436nam a2200193Ia 4500 | ||
|---|---|---|---|
| 005 | 20240823025943.0 | ||
| 008 | 240823s9999||||xx |||||||||||||| ||und|| | ||
| 020 | _a81-7824-297-4 | ||
| 041 | _aENGLISH | ||
| 082 | _A297.1 P9 | ||
| 100 | _aBarbara D Metcalf | ||
| 245 | 0 | _aIslam in South Asia | |
| 250 | _a1st | ||
| 260 |
_c2009 _bPermanent |
||
| 500 | _aYES | ||
| 650 |
_aSouth Asia _bGeneral |
||
| 942 | _cBK | ||
| 999 |
_c187544 _d187544 |
||